Vzťah štátu a cirkví v Slovenskej republike po roku 1989
Presné zadefinovanie vzťahov štátu a cirkvi, ich varianty. Cirkevná problematika v historickom vývoji Slovenska. Legislatívna úprava postavenia cirkví a cirkevných spoločností v Československu. Zásady novej cirkevnej politiky počas federácie. Cirkevné subjekty zaregistrované na Ministerstve kultúry...
Na minha lista:
| Autor principal: | |
|---|---|
| Formato: | Capítulo de Livro |
| Idioma: | eslovaco |
| Assuntos: | |
| Tags: |
Sem tags, seja o primeiro a adicionar uma tag!
|
MARC
| LEADER | 00000naa a2200000 4500 | ||
|---|---|---|---|
| 001 | r040502 | ||
| 005 | 20230918080348.7 | ||
| 041 | 0 | |a slo | |
| 044 | |a SK | ||
| 245 | 1 | 0 | |a Vzťah štátu a cirkví v Slovenskej republike po roku 1989 |c Emília Vokálová |
| 520 | |a Presné zadefinovanie vzťahov štátu a cirkvi, ich varianty. Cirkevná problematika v historickom vývoji Slovenska. Legislatívna úprava postavenia cirkví a cirkevných spoločností v Československu. Zásady novej cirkevnej politiky počas federácie. Cirkevné subjekty zaregistrované na Ministerstve kultúry SR. Zmeny po roku 1990. Skladba zdrojov pre financovanie cirkví vo vybraných krajinách Európy a USA. Súčasný model financovania cirkví a náboženských spoločností na Slovensku. | ||
| 610 | 2 | 0 | |a cirkev |
| 610 | 2 | 0 | |a náboženstvo |
| 610 | 2 | 0 | |a štát a cirkev |
| 610 | 2 | 0 | |a Slovensko |
| 610 | 2 | 0 | |a história |
| 610 | 2 | 0 | |a financovanie |
| 610 | 2 | 0 | |a organizácie náboženské |
| 610 | 2 | 0 | |a legislatíva |
| 610 | 2 | 0 | |a Európska únia |
| 100 | 1 | |a Vokálová, Emília | |